000 003200000a22001450004500
003 MACL
005 20160106125944.0
008 160106b xxu||||| |||| 00| 0 eng d
040 _aMACL
_cMACL
041 _aEnglish
082 _a823/VAC
245 _aThe Other Side
650 _aNovel
_9153
942 _cBK
_k823/VAC
_2ddc
999 _c39340
_d39340